000 00522nam a2200181Ia 4500
008 100920s9999 xx 000 0 und d
082 _b20242
_a11 0
100 _aNANVATI MANILAL B and ANJARIA J. J.
245 _aTHE INDIAN RURL PROBLEM.
260 _bTHE INDIAN SOCIETY OF INTERNATIONAL LAW.
_c0
300 _a422
_bसाधी
365 _b8
520 _aएच.पी.बी.
630 _aTHE INDIAN RURL PROBLEM.
650 _aएच.पी.बी.
730 _aTHE INDIAN RURL PROBLEM.
942 _cBOOK
999 _c680915
_d680912